00310nam a2200121 a 4500008004100000020001500041050001700056100001600073245003600089246001600125260003800141350000900179120416s1996 ||||||||||||||||| || u a0748723250 aQA 76.55 Par aKeane, J. A10aParallel information processing aJ. A. Keane aCheltenhambStanley Thornesc1996 a0.00